True or False: The History of Time Quiz Stats

Quiz Updated Apr 16, 2015

Challenge
Share
Tweet
Embed
Score 0/20 Timer 04:00
0 Plays Today
Hint T or F? % Correct
Every two minutes we take as many pictures as were taken in the entire 19th Century.???
89.4%
The last time the Cleveland Indians won the World Series, the 'Dewey Defeats Truman' headline had not yet run.???
83.1%
Will Smith is now older than Uncle Phil was at the beginning of 'The Fresh Prince of Bel Air'.???
82.5%
Cleopatra lived closer to the founding of Pizza Hut than to the building of the Great Pyramid.???
77.9%
There was more time between the Stegosaurus and the T-Rex than between the T-Rex and today.???
77.2%
Warner Brothers was founded while the Ottoman Empire was still extant.???
76%
John Tyler, US president from 1841-1845, had two grandsons alive in 2015.???
68.1%
Betty White is older than sliced bread.???
67.4%
France was still executing convicts by guillotine when 'Star Wars' hit movie theaters.???
65.9%
Pontius Pilate ruled Judaea longer than Queen Victoria ruled England.???
65.9%
Hint T or F? % Correct
The first pyramids were built before the extinction of the woolly mammoth.???
56.6%
The Taj Mahal is older than Cambridge University.???
56.1%
Sporcle was founded before the election of George W. Bush.???
53.2%
Paul McCartney is younger than Ed Sullivan was the first time The Beatles appeared on his show.???
51.5%
Oxford University is older than the Aztec Empire.???
50.8%
There was more time between 'Phantom Menace' and 'The Force Awakens' than between 'A New Hope' and 'Phantom Menace'.???
49.7%
John Adams was president when the song 'Happy Birthday' was published.???
48.9%
Genghis Khan and Adolf Hitler were 9th cousins, twice removed.???
48%
The Statue of Liberty was built before the extinction of the Great Auk.???
46.2%
Tony Bennett is older than RCA Radio.???
40.9%

You're not logged in!

Compare scores with friends on all Sporcle quizzes.
Join for Free
OR
Log In

You Might Also Like...

Show Comments

Extras

Top Quizzes Today


Score Distribution

Your Account Isn't Verified!

In order to create a playlist on Sporcle, you need to verify the email address you used during registration. Go to your Sporcle Settings to finish the process.

Report this User

Report this user for behavior that violates our Community Guidelines.

Details: